The American Naturalist: 014915 Vol. 134 (1-3) 1989 p.1-512: Vol. 136 (4-6) 1990 p.429-856 (Record no. 597818)

MARC details
000 -LEADER
fixed length control field 00517nam a2200133Ia 4500
008 - FIXED-LENGTH DATA ELEMENTS--GENERAL INFORMATION
fixed length control field 100415s9999 xx 000 0 und d
082 ## - DEWEY DECIMAL CLASSIFICATION NUMBER
Item number 14920
Classification number 570.5
245 ## - TITLE STATEMENT
Title The American Naturalist: 014915 Vol. 134 (1-3) 1989 p.1-512: Vol. 136 (4-6) 1990 p.429-856
260 ## - PUBLICATION, DISTRIBUTION, ETC. (IMPRINT)
Date of publication, distribution, etc 0
365 ## - TRADE PRICE
Price amount 0
630 ## - SUBJECT ADDED ENTRY--UNIFORM TITLE
Uniform title The American Naturalist: 014915 Vol. 134 (1-3) 1989 p.1-512: Vol. 136 (4-6) 1990 p.429-856
730 ## - ADDED ENTRY--UNIFORM TITLE
Uniform title The American Naturalist: 014915 Vol. 134 (1-3) 1989 p.1-512: Vol. 136 (4-6) 1990 p.429-856
942 ## - ADDED ENTRY ELEMENTS (KOHA)
Koha item type Book
Holdings
Withdrawn status Lost status Damaged status Not for loan Home library Current library Date acquired Cost, normal purchase price Total Checkouts Full call number Barcode Date last seen Price effective from Koha item type
        Bombay Natural History Society Bombay Natural History Society 03/01/1999 0.00   570.5 14920 BNHS-14920 04/15/2010 04/15/2010 Book